| 000 | 00934nam a2200265Ia 4500 | ||
|---|---|---|---|
| 003 | OSt | ||
| 005 | 20220923211507.0 | ||
| 006 | a|||||r|||| 00| 0 | ||
| 007 | ta | ||
| 008 | 220922b |||||||| |||| 00| 0 pan d | ||
| 020 |
_a9789352313457 (pbk) _c295 |
||
| 024 | _a353,249 | ||
| 037 |
_b1182, 22/01/2020, H.K. Prakashan _cTextual |
||
| 040 |
_aARTS _cARTS _bpan |
||
| 041 |
_2pan _apan |
||
| 082 | _aO153,3NSI,SD, Q9 | ||
| 100 |
_aਸਿੱਧੂ, ਰੁFਪਾਲ ਕੌਰ, ਂਚ. _9160628 |
||
| 245 | 0 | _aਸੱਚ ਦੀ ਧੀ | |
| 260 |
_aਸਮਾਣਾ _b ਸੰਗਮ ਪਬਲੀਕੇFਨਗ਼ _c2019 |
||
| 300 |
_a255ਪ੍ਰ0 _ccm. |
||
| 650 | _a ਪੰਜਾਬੀ ਕਹਾਣੀ | ||
| 650 | _aਪੰਜਾਬੀ ਸਾਹਿਤ | ||
| 942 |
_hO153,3NSI,SD, Q9 _cTEXL _2CC |
||
| 999 |
_c300124 _d300124 |
||